Working Titles of Great Books Quiz Stats

 Plays Quiz Updated Feb 25, 2020

Support Sporcle.
Go Orange.
Score 0/20 Timer 10:00
0 Plays Today
Working title (Release Year) Novel % Correct
Incident at West Egg (1925)The Great Gatsby
86.3%
The Last Man in Europe (1949)1984
61.7%
First Impressions (1813)Pride and Prejudice
51.9%
Pansy (1936)Gone with the Wind
37.2%
The Sea-Cook (1883)Treasure Island
34.6%
Strangers from Within (1954)Lord of the Flies
31.9%
Something That Happened (1937)Of Mice and Men
29.7%
The Lost Generation (1926)The Sun Also Rises
29.1%
A Silence in the Water (1974)Jaws
29%
Stephen Hero (1917)A Portrait of the Artist as a Young Man
24.8%
Working title (Release Year) Novel % Correct
Robotic Banana (1962)A Clockwork Orange
23.7%
Before This Anger (1976)Roots
18.9%
Twilight (1929)The Sound and the Fury
15%
The Poker Night (1947)A Streetcar Named Desire
13.8%
Paul Morel (1913)Sons and Lovers
8.7%
Curse God Farm (1932)Cold Comfort Farm
8.1%
Proud Flesh (1946)All the King's Men
7.5%
Mind and Iron (1950)I, Robot
6.7%
The Romantic Egotist (1920)This Side of Paradise
5.8%
The Kingdom By the Sea (1955)Lolita
4.5%

You're not logged in!

Compare scores with friends on all Sporcle quizzes.
OR
Log In

From the Vault

Confederate Cities (1860)

by Dr_I_Dont_Know

Here is hoping that you can secede on this quiz.
Remove Ads.
Support Sporcle.
Get the best of Sporcle when you Go Orange. This ad-free experience offers more features, more stats, and more fun while also helping to support Sporcle. Thank you for becoming a member.

Show Comments

Extras

Top Quizzes Today


Score Distribution

Your Account Isn't Verified!

In order to create a playlist on Sporcle, you need to verify the email address you used during registration. Go to your Sporcle Settings to finish the process.

Report this User

Report this user for behavior that violates our Community Guidelines.

Details: